| 000 | 00557pab a2200205 454500 | ||
|---|---|---|---|
| 008 | 180718b2012 xxu||||| |||| 00| 0 eng d | ||
| 100 | _aSrivastava, S.P. | ||
| 245 | _aSanitation, public health and health care laws in India: Analysing theoretical foundations | ||
| 260 | _c2012 | ||
| 300 | _ap.15-35. | ||
| 362 | _aApr-Jun | ||
| 650 | _aHealth services - India | ||
| 650 | _aPublic health - India | ||
| 650 | _aSanitation - India | ||
| 650 | _aSanitation | ||
| 700 | _aMalik, Lokendra | ||
| 773 | _aNagarlok | ||
| 908 | _aN | ||
| 909 | _a101884 | ||
| 999 |
_c101882 _d101882 |
||